Welcome to the Holygrace Academy Library

Please use search bar below to get started

SCREEN SHOTS (Record no. 2705)

MARC details
000 -LEADER
fixed length control field 00339nam a22001457a 4500
020 ## - INTERNATIONAL STANDARD BOOK NUMBER
ISBN 81-291-0002-9
082 ## - DEWEY DECIMAL CLASSIFICATION NUMBER
Classification number 823
Item number JAA/S
100 ## - MAIN ENTRY--AUTHOR NAME
Personal name BHATTACHARYYA, ANIRUDH (ED)
100 ## - MAIN ENTRY--AUTHOR NAME
Personal name SINHA, ADITHYA (ED)
245 ## - TITLE STATEMENT
Title SCREEN SHOTS
260 ## - PUBLICATION, DISTRIBUTION, ETC. (IMPRINT)
Place of publication DELHI
Name of publisher RUPA & CO
Year of publication 2002
300 ## - PHYSICAL DESCRIPTION
Number of Pages 58
650 ## - SUBJECT ADDED ENTRY--TOPICAL TERM
Topical Term ENGLISH SHORT STORY
Geographic subdivision DELHI
942 ## - ADDED ENTRY ELEMENTS (KOHA)
Koha item type Books
Holdings
Withdrawn status Lost status Collection code Home library Current library Shelving location Date acquired Source of acquisition Cost, normal purchase price Full call number Accession Number Koha item type
    Fiction Main Library Main Library SHELF 3- D- ENGLISH CHILDRENS LITERATURE &MYTHOLOGY 21/10/2006 PURCHASE 50.00 823 JAA/S 03556 Books